The Economics of Art and Culture : (Record no. 615105)

MARC details
000 -LEADER
fixed length control field 00529nam a2200193 a 4500
008 - FIXED-LENGTH DATA ELEMENTS--GENERAL INFORMATION
fixed length control field 260221s1993##################000#0#eng##
020 ## - INTERNATIONAL STANDARD BOOK NUMBER
ISBN 9780521422123
082 04 - DEWEY DECIMAL CLASSIFICATION NUMBER
Classification number 338.477009
Item number HEI
100 1# - MAIN ENTRY--AUTHOR NAME
Personal name Heilbrun, James,
245 10 - TITLE STATEMENT
Title The Economics of Art and Culture :
260 ## - PUBLICATION, DISTRIBUTION, ETC. (IMPRINT)
Name of publisher Cambridge University Press,
Year of publication 1993.
300 ## - PHYSICAL DESCRIPTION
Number of Pages 398 pages
650 #0 - SUBJECT ADDED ENTRY--TOPICAL TERM
Topical Term Business & Economics.
942 ## - ADDED ENTRY ELEMENTS (KOHA)
Koha item type English Books
Holdings
Withdrawn status Lost status Damaged status Not for loan Home library Current library Shelving location Date acquired Full call number Accession Number Price effective from Koha item type
        Anna Centenary Library Anna Centenary Library 4TH FLOOR, A WING 21.02.2026 338.477009 HEI 102292 21.02.2026 English Books

Find us on the map